| 000 | 00509pam a2200157a 44500 | ||
|---|---|---|---|
| 008 | 230515b2012 xxu||||| |||| 00| 0 eng d | ||
| 020 | _aNULL | ||
| 041 | _aENGLISH | ||
| 082 | _aND | ||
| 100 | _aMS NINY THOMAS | ||
| 245 | _aA COMARATIVE STUDY TO ASSESS THE EFFECT OF HOT APPLICATION VERSUS COLD APLICATION ON EPISTOTOM Y WOUND HEALING AMONG POSTNATAL MOTERS ADMITTED IN SELECTED HOSPITALS OF PCMC AREAS OF PUNE CITY | ||
| 250 | _a0 | ||
| 260 |
_a _bDR D Y PATIL _c2012 |
||
| 300 | _a130 | ||
| 650 | _aNULL | ||
| 999 |
_c531031 _d531031 |
||